Lengua latina y civilización romana : BUP 2 : [selección de textos para traducción]

Gespeichert in:
Bibliographische Detailangaben
1. Verfasser: Holgado Redondo, Antonio .
Weitere Verfasser: Morcillo Sánchez, Consuelo .
Format: Buch
Sprache:Spanisch
Erschienen: Madrid : Santillana, 1995
Katalog:MANES:  Suchergebnis im Bibliothekskatalog
Schulbuchspezifische Eigenschaften:
Tags: Tag hinzufügen
Keine Tags, Fügen Sie den ersten Tag hinzu!
Hinzugefügt zu:09.02.2019
Geändert in:07.05.2025

MARC

LEADER 00000cam a2200000 4500
005 20250507134605.0
008 190210S1995 0espao p 0000 00spa0d
020 |a 8429426450 
040 |a uned  |b spa  |c entro-manes 
041 0 |a spa 
100 1 |a Holgado Redondo, Antonio .  |9 35939 
245 1 0 |a Lengua latina y civilización romana :   |b BUP 2 : [selección de textos para traducción] /   |c Antonio Holgado Redondo, Consuelo Morcillo Sánchez 
260 |a Madrid :   |b Santillana,   |c 1995 
300 |a 240 p. :  |b il. 
546 |a España 
561 |5 es-BUNED  |3 871HOL  |a España. Fondo Manes UNED  |k MANES 
690 0 |a LC  |a HI 
691 0 |a SE 
700 1 |a Morcillo Sánchez, Consuelo .  |9 38690 
942 |2 ddc  |c BK 
999 |c 98039  |d 98039 
999 |c manes:98039  |d 98039